| 000 | 00839cam a2200241 a 4500 | ||
|---|---|---|---|
| 001 | 000007630 | ||
| 005 | 20200929154234.0 | ||
| 008 | 780831s1976 sp b 001 0 spa | ||
| 020 | _a8432505579 | ||
| 040 |
_aDO-SdBNP _bspa _cBNPHU |
||
| 082 |
_a901.9 _bD687p |
||
| 100 | 1 |
_aDonoso Cortés, Juan, _d1809-1853. _921169 |
|
| 245 | 1 | 0 |
_aPolítica y filosofía de la historia / _cDonoso Cortés. |
| 260 |
_aMadrid : _bDoncel, _c1976. |
||
| 300 |
_a344 p. ; _c18 cm. |
||
| 490 | 1 |
_aEl libro de bolsillo Doncel _v84 |
|
| 504 | _aIncluye referencias bibliográficas y notas al pie de las páginas | ||
| 650 | 4 |
_aFilosofía de la historia _94944 |
|
| 650 | 4 |
_aFilosofía _xHistoria _9528 |
|
| 650 | 4 |
_aHistoria _xFilosofía _98155 |
|
| 651 | 4 |
_aEspaña _xPolítica Y Gobierno _y1833-1868. _921170 |
|
| 830 | 0 |
_aEl libro de bolsillo Doncel ; _v84 _98628 |
|
| 999 |
_c7410 _d7410 |
||